|
|
|
|
| LEADER |
01040nam a2200253 u 4500 |
| 001 |
10020479 |
| 003 |
upatras |
| 005 |
20210117205434.0 |
| 008 |
990208s1979 gr gre |
| 040 |
|
|
|a GR-PaULI
|c GR-PaULI
|
| 041 |
0 |
|
|a gre
|
| 082 |
0 |
4 |
|a 531
|
| 100 |
1 |
|
|a Πάρης, Π. θ.
|9 144392
|
| 245 |
1 |
0 |
|a Μηχανική
|c Π. Πάρης
|
| 260 |
|
|
|a Αθήνα
|b P. Paris
|c 1979
|
| 300 |
|
|
|a 403 σ.
|c 30 εκ.
|
| 650 |
|
4 |
|9 245
|a Μηχανική
|
| 852 |
|
|
|a GR-PaULI
|b ΠΑΤΡΑ
|b ΒΚΠ
|b ΒΣ1
|k ΑΣΧΕ
|h 531 Π
|m 39818
|p 025000000623
|t 1
|
| 852 |
|
|
|a GR-PaULI
|b ΠΑΤΡΑ
|b ΒΚΠ
|b ΒΣ1
|k ΑΣΧΕ
|h 531 Π
|m 39819
|p 025000000624
|t 2
|
| 942 |
|
|
|2 ddc
|c BK15
|
| 952 |
|
|
|0 0
|1 0
|4 0
|6 531_000000000000000_Π
|7 0
|9 179683
|a LISP
|b LISP
|c BSC
|d 2016-04-24
|i 39818
|l 0
|o 531 Π
|p 025000000623
|r 2016-04-24 00:00:00
|t 1
|w 2016-04-24
|y BK15
|
| 952 |
|
|
|0 0
|1 0
|4 0
|6 531_000000000000000_Π
|7 0
|9 179684
|a LISP
|b LISP
|c BSC
|d 2016-04-24
|i 39819
|l 0
|o 531 Π
|p 025000000624
|r 2016-04-24 00:00:00
|t 2
|w 2016-04-24
|y BK15
|
| 998 |
|
|
|c ΜΑΝΙΑΚΗ
|d 1999-02
|
| 999 |
|
|
|c 111324
|d 111324
|